| 000 | 00698nam a2200277Ia 4500 | ||
|---|---|---|---|
| 001 | Z_1562 | ||
| 003 | CHAP | ||
| 008 | 220113s1991 xx 000 0 und d | ||
| 010 | _a164650 | ||
| 040 | _cCHAP | ||
| 082 | _a636.089 A5 | ||
| 100 |
_aAnderson, Ronald S _95611 |
||
| 245 |
_aPractical animal handling / _cby Ronald S. Anderson and Andrew T.B. Edney |
||
| 260 |
_aOxford : _bPergamon Press, _c1991 |
||
| 300 | _a198 p.; ilus | ||
| 440 | _a | ||
| 500 | _a | ||
| 503 | _a169246 | ||
| 650 |
_aAnimales domésticos _xHabitos y conducta I. Edney, Andrew T. B. II. t. _9138701 |
||
| 901 | _a636.089 A5 | ||
| 902 | _aA | ||
| 910 | _a1991 | ||
| 942 | _c1 | ||
| 942 | _cc1 | ||
| 999 |
_c164650 _d164650 |
||